000 02440nam a22002777a 4500
003 OSt
005 20210430134125.0
007 ta
008 210305b 2020 dr a 00| 0 eng d
020 _a9789945856668 (v. 1)
020 _a9789945856675 (v. 2)
020 _a9789945856682 (v. 3)
040 _aDO-SdBNP
_bspa
_cBNPHU
082 4 _a352.4
_bR426m, 2020
_222
110 1 _aRepública Dominicana.
_bMinisterio de Hacienda.
_bCentro de Capacitación en Política y Gestión Fiscal .
_967417
245 1 0 _aManual de administración financiera del Estado /
_ceditor: Mariano Escoto Saba ; prólogo ; Donald Guerrero.
260 _aSanto Domingo :
_bEgraf Digital,
_c2020.
300 _a3v. :
_bil. ;
_c28 cm.
505 0 _gv.1.
_t Prólogo
_t Introducción
_t La administración financiera del Estado. Aspectos generales
_tDerecho público y derecho administrativo
_tÉtica y transparencia, su aplicación en la administración pública
_tEl sistema de planificación
_tGestión para Resultados. Conceptos básicos
_tPolítica fiscal y programación macroeconómica
_tEl sistema presupuestario
_tLos ingresos públicos y los sistemas de administración tributaria y aduanera
_t Los ingresos públicos
_tEl sistema de administración tributaria
_tEl sistema de administración aduanera
505 0 _gv.2.
_tPrólogo --
_t Introducción --
_tEl sistema del Crédito Público --
_tSistema de gestión financiera de los recursos humanos --
_tEl sistema de contrataciones públicas de bienes, servicios y obras --
_tLas Concesiones públicas. Los fideicomisos. Los contratos de participación público-privada --
_tSistema de tesorería --
_tEl sistema de contabilidad del estado --
_tSistema de administración de bienes nacionales.
505 0 _gv. 3.
_tPrólogo --
_tIntroducción --
_tEl sistema de estadísticas fiscales --
_tEl sistema de control fiscal: control externo y control interno --
_tDiseño y gestión de los sistemas integrados de información financiera pública --
_t La ejecución financiera y fiscal del presupuesto de gastos en la República Dominicana --
_t El Ministerio de Hacienda como órgano rector de la política fiscal y la administración financiera del estado --
_tOrganización institucional del estado y de la administración pública en la República Dominicana.
590 _aInventariado, 2021 /LP
700 1 _aEscoto Saba, Mariano,
_eeditor
_936042
700 1 _aGuerrero, Donald,
_eprólogo
_919672
942 _2ddc
_cLBS1
999 _c49504
_d49504